| 000 -LEADER |
| fixed length control field |
00623cam a22001695i 4500 |
| 003 - CONTROL NUMBER IDENTIFIER |
| control field |
OSt |
| 005 - DATE AND TIME OF LATEST TRANSACTION |
| control field |
20200313051629.0 |
| 008 - FIXED-LENGTH DATA ELEMENTS--GENERAL INFORMATION |
| fixed length control field |
180731s2017 ii a 000 0 eng |
| 020 ## - INTERNATIONAL STANDARD BOOK NUMBER |
| International Standard Book Number |
9788193440100 |
| Qualifying information |
(hardback) |
| 100 1# - MAIN ENTRY--PERSONAL NAME |
| Personal name |
Aggarwal, Kapil, |
| Relator term |
curator. |
| 245 10 - TITLE STATEMENT |
| Title |
Timeless houses : |
| Remainder of title |
India, Sri Lanka, Bangladesh, Pakistan / |
| Statement of responsibility, etc |
curator, Architect Kapil Aggarwal ; editor, Mamta Upadhyaya ; co-editor, Dhriti Dhaundiyal. |
| 250 ## - EDITION STATEMENT |
| Edition statement |
1st edition. |
| 300 ## - PHYSICAL DESCRIPTION |
| Extent |
311 pages : |
| Other physical details |
illustrations (black and white, and color) ; |
| Dimensions |
31 cm |
| 700 1# - ADDED ENTRY--PERSONAL NAME |
| Personal name |
Upadhyaya, Mamta, |
| Relator term |
editor. |
| 700 1# - ADDED ENTRY--PERSONAL NAME |
| Personal name |
Dhaundiyal, Dhriti, |
| Relator term |
editor. |
| 942 ## - ADDED ENTRY ELEMENTS (KOHA) |
| Source of classification or shelving scheme |
|